000 00442nam a2200181Ia 4500
001 23909
005 20260414151008.0
008 260414t1975||||xx |||||||||||||| ||spa||
041 _aESP
082 _a720.98
_bS36
100 _aSegre, Roberto, relator
_eAUT
245 0 _aAmérica Latina en su arquitectura
_b
260 _c1975
300 _axv, 317 páginas :
_c23 cm.
650 _aABD
654 _aCAU
942 _cLIB
_dJUS
_fJUS
_2ddc
_n
999 _c23909
_d23909